000 00469nam a2200181Ia 4500
005 20250423100117.0
008 250422s9999 xx 000 0 und d
020 _a9780321724564
050 _aQM 25 .M286/
100 _aMartini, Frederic.
245 0 _aMartini's atlas of the human body
260 _aBoston
260 _bPearson
260 _c2012
300 _a151 p
650 _aHuman anatomy--Atlases. Anatomy--Atlases. Physiology--Atlases.
942 _cBK
999 _c32318
_d32318